=LDR 00000nam 2200000 4500 =001 INLIS000000000031421 =005 20130612133508 =008 ***********************************Ind** =035 ##$$0010-061300000031421 =041 ##$$a Ind =082 ##$$a 379'173 =090 ##$$a 379.173, Fox, t =100 ##$$a Robert S.Fox =245 ##$$a Teaching in the small community, Robert S.Fox =260 ##$$a 1956 $b USA =300 ##$$a ix,215 hlm., 23 cm =650 ##$$a Pendidikan =850 ##$$a NBPNMAT